Lịch sử kháng chiến chống Mỹ cứu nước 1954-1975

Luận giải, phân tích tính chất, đặc điểm, tầm vóc và những bài học lịch sử của cuộc kháng chiến chống Mỹ, cứu nước, và nghiên cứu vận dụng sáng tạo vào hoạch định đường lối xây dựng nền quốc phòng - an ninh Việt Nam, liên minh đoàn ke...

全面介紹

Đã lưu trong:
書目詳細資料
格式: 圖書
語言:Undetermined
出版: Hà Nội Chính trị Quốc gia - Sự thật 2013
主題:
標簽: 添加標簽
沒有標簽, 成為第一個標記此記錄!
Thư viện lưu trữ: Trung tâm Học liệu Trường Đại học Cần Thơ
LEADER 01240nam a2200229Ia 4500
001 CTU_181345
008 210402s9999 xx 000 0 und d
020 |c 96000 
082 |a 959.7043 
082 |b L302/T.9 
245 0 |a Lịch sử kháng chiến chống Mỹ cứu nước 1954-1975 
245 0 |c Nguyễn Huy Thục chủ biên 
260 |a Hà Nội 
260 |b Chính trị Quốc gia - Sự thật 
260 |c 2013 
520 |a Luận giải, phân tích tính chất, đặc điểm, tầm vóc và những bài học lịch sử của cuộc kháng chiến chống Mỹ, cứu nước, và nghiên cứu vận dụng sáng tạo vào hoạch định đường lối xây dựng nền quốc phòng - an ninh Việt Nam, liên minh đoàn kết với Lào, Campuchia chống đế quốc Mỹ 
650 |a Vietnam war,Vietnam,Chiến tranh Việt Nam,Việt Nam 
650 |x History,Lịch sử 
650 |y 1954-1975,1954 - 1975 
904 |i Hải 
910 |a Hải (Tuyến sửa lại cutter lấy theo nhan đề L302)chưa in nhãn) 
980 |a Trung tâm Học liệu Trường Đại học Cần Thơ